Laufey Touring Countries - Statistics

General Stats
  • This quiz has been taken 49 times
  • The average score is 13 of 22
Answers on the Map
Answers color-coded by a green-red scale on the quiz's map according to % correct below.
 
Answer Stats
Continent Answer % Correct
Asia Japan
91%
North America Canada
89%
Asia China
86%
Oceania Australia
83%
Europe Iceland
83%
North America USA
83%
Europe UK
77%
Europe France
74%
Europe Germany
69%
Europe Italy
69%
Asia Philippines
69%
Europe Ireland
57%
Asia Indonesia
54%
Europe Sweden
54%
Asia Singapore
46%
Europe Denmark
43%
Asia Thailand
43%
Asia Malaysia
37%
Asia Taiwan
34%
Europe Netherlands
29%
Europe Belgium
26%
Europe Switzerland
17%
No matching quizzes found
Score Distribution
Percent of People with Each Score
Percentile by Number Answered
Your Score History
You have not taken this quiz